Vrátna dolina - sedačkový výťah Vrátna

Zobrazenie: Pohľad na zblízka na pár sediaci na sedačke lanovky pod nimi sú vrcholky hôr

Podrobná bibliografia
Ďalší autori: Šaradin, Milan, 1910-1984 (Fotograf)
Médium: Pohľadnica
Jazyk:slovenčina
Fyzický popis:1 pohľadnica čiernobiela 11 x 15 cm
Vydavateľské údaje: Bratislava Šport 1968
Predmet:

MARC

LEADER 00000nkm a2200000 a 4500
001 vtls010693401
003 SK-MaSNL
005 20260512125703.0
007 kp bo
008 231121s1968 xo g 00 kuslo
015 |a SNBG1968 
035 |a 129DF8EA-A0D8-4DBB-B446-07D40A4A23C8 
035 |a urn:nbn:sk:snk-kmxyov 
035 |a urn:nbn:sk:snk-km004xtf 
040 |a SNK  |b slo  |c SNK  |e AACR2 
041 0 |a slo 
043 |a e-xo--- 
044 |a xo  |c SK 
072 7 |a 913  |x Regionálna geografia  |2 konspekt 
080 |a 913(437.6-191.2)  |2 2001 
080 |a 551.4.036(234.372.4)  |2 2001 
080 |a 625.5  |2 2001 
080 |a 908(437.6-191.2)  |2 2001 
080 |a (084.121)  |2 2011 
100 1 |a Šaradin, Milan,  |d 1910-1984  |4 pht  |9 211957 
245 1 0 |a Vrátna dolina - sedačkový výťah Vrátna  |h grafika  |c foto M. Šaradin 
260 |a Bratislava  |b Šport  |c 1968 
300 |a 1 pohľadnica  |b čiernobiela  |c 11 x 15 cm 
520 8 |a Zobrazenie: Pohľad na zblízka na pár sediaci na sedačke lanovky pod nimi sú vrcholky hôr 
650 0 7 |a lanovky  |2 SNKPH  |9 16006 
651 7 |a Vrátna dolina (Slovensko)  |2 SNKPHgeo  |9 160644 
651 7 |a Malá Fatra (Slovensko : pohorie)  |2 SNKPHgeo  |9 56372 
655 7 |a geografické pohľadnice  |2 SNKPH  |9 70522 
655 7 |a miestne pohľadnice  |2 SNKPH  |9 70510 
852 |a Slovenská národná knižnica 
958 |a GBN 
958 |a GC 
958 |a OND 
958 |a EUIPO 
999 |c 1101124  |d 1103054 
952 |a SNK  |b SNK  |y PREZ  |7 0  |p 17A1163164  |o snkSP 2017/a  |0 0  |1 0  |4 0  |d 2015-07-20  |f 1  |l 0  |r 2026-02-24 17:29:56  |w 2026-02-24